000 01240nam a2200349 a 4500
005 20240412132158.0
008 100325t1998||||sp |||f |||| 001 0 spa d
020 _a9788437616513
041 _aspa
092 _c170
_l82
_sTEI
100 1 _aTeichman, Jenny
_93164
245 _aÉtica social /
_cJenny Teichman
250 _a1a ed.
_bTraducción Elisa Lucena
260 _aMadrid:
_bCátedra;
_c1998.
300 _a232 p.
500 _aTeichman, J. (1998). Ética social. (1a ed.). Madrid : Cátedra.
590 _aDonación Dora Vera, Febrero 2017
653 _aMoralidad y humanidad
653 _aEgoísmo, relativismo, consecuencialismo
653 3 _aEl fundamento ético
653 _aSeres humanos y personas
653 4 _aLos seres humanos y los otros animales
653 2 _aA favor y en contra de la eutanasia
653 _aLógica y práctica de la eutanasia
653 3 _aEl aborto
653 _aEtica profesional
653 _aFeminismo y masculinismo
653 _aLibertad de pensamiento y de expresión
653 _aApéndice 1: Los derechos naturales como justificadores de la autoridad del estado
653 _aApéndice 2: La controversia acerca de la eutanasia: una muestra
942 _2ddc
_cBK
999 _c2300
_d2300